<?xml version="1.0" encoding="UTF-8"?>
<collection xmlns="http://www.loc.gov/MARC21/slim">
 <record>
  <leader>00380pamaa2200145   4500</leader>
  <controlfield tag="001">0000024580</controlfield>
  <controlfield tag="005">20121228090000.0</controlfield>
  <datafield tag="082" ind1=" " ind2=" ">
   <subfield code="a">629.454 MAN</subfield>
  </datafield>
  <datafield tag="090" ind1="0" ind2="0">
   <subfield code="a">TL793 </subfield>
   <subfield code="b">MAN 1969</subfield>
  </datafield>
  <datafield tag="100" ind1="1" ind2="0">
   <subfield code="a">Mansfield </subfield>
  </datafield>
  <datafield tag="245" ind1="1" ind2="0">
   <subfield code="a">Man on the moon  </subfield>
   <subfield code="c">John M. Mansfield.</subfield>
  </datafield>
  <datafield tag="260" ind1="0" ind2="0">
   <subfield code="a">Geneva: </subfield>
   <subfield code="b">Heron Books, </subfield>
   <subfield code="c">1969.</subfield>
  </datafield>
  <datafield tag="300" ind1=" " ind2=" ">
   <subfield code="a">267p.: </subfield>
   <subfield code="b">ill.; </subfield>
   <subfield code="c">22cm.</subfield>
  </datafield>
  <datafield tag="650" ind1="0" ind2="0">
   <subfield code="a">Project apollo </subfield>
  </datafield>
  <datafield tag="650" ind1="0" ind2="0">
   <subfield code="a">Space flight to the moon </subfield>
  </datafield>
 </record>
</collection>
